[Event "Team women chess final 2018"]
[Site "Sochi"]
[Date "2018.05.01"]
[Round "1.1"]
[White "Simakova, Elena"]
[Black "Ambartsumova, Karina"]
[Result "1/2-1/2"]
[WhiteElo "1948"]
[BlackElo "2375"]
[PlyCount "82"]
[EventDate "2018.05.01"]

1. e4 c5 2. Nf3 e6 3. c3 Nf6 4. e5 Nd5 5. d4 cxd4 6. cxd4 d6 7. Bc4 dxe5 8.
dxe5 Be7 9. O-O O-O 10. Qe2 Nc6 11. Rd1 Qa5 12. Bd2 Qc7 13. Nc3 Nxc3 14. Bxc3
a6 15. a4 Bd7 16. Qe4 Rfd8 17. Rac1 Qb6 18. Rd2 Be8 19. Rcd1 Rxd2 20. Rxd2 Rd8
21. Rxd8 Qxd8 22. Bd3 g6 23. h4 Qb6 24. Nd2 Nb4 25. Nc4 Qc6 26. Bxb4 Bxb4 27.
Qxc6 Bxc6 28. Bc2 Kf8 29. Kf1 Ke7 30. f3 b5 31. axb5 axb5 32. Ne3 Bc5 33. Nd1
Bd4 34. f4 h5 35. b3 Kd7 36. g3 Bd5 37. Nf2 Kc6 38. Ne4 Bxe4 39. Bxe4+ Kc5 40.
Ke2 Bg1 41. Kf1 Bd4 1/2-1/2

[Event "Team women chess final 2018"]
[Site "Sochi"]
[Date "2018.05.01"]
[Round "1.2"]
[White "Nebolsina, Vera"]
[Black "Mironenko, Galina"]
[Result "1-0"]
[WhiteElo "2218"]
[BlackElo "2007"]
[PlyCount "97"]
[EventDate "2018.05.01"]

1. e4 d6 2. d4 Nf6 3. Nc3 e5 4. Nf3 Nbd7 5. Bc4 Be7 6. O-O O-O 7. h3 c6 8. a4
Qc7 9. Ba2 a6 10. Nh4 Re8 11. Nf5 Bf8 12. dxe5 dxe5 13. Qf3 Rb8 14. g4 Nc5 15.
g5 Bxf5 16. exf5 e4 17. Qf4 Bd6 18. Qh4 Nd5 19. Nxd5 cxd5 20. g6 hxg6 21. fxg6
Re5 22. Qh7+ Kf8 23. Qh8+ Ke7 24. Qxg7 Rf8 25. Bh6 Ke8 26. Qh7 fxg6 27. Qxc7
Bxc7 28. Bxf8 Kxf8 29. Rad1 Rg5+ 30. Kh1 Nxa4 31. Rxd5 Rxd5 32. Bxd5 Nxb2 33.
Bxb7 a5 34. Bxe4 g5 35. Bd5 a4 36. Kg2 Bd6 37. Kf3 Bb4 38. Kg4 Be7 39. f4 gxf4
40. Rxf4+ Ke8 41. Bc6+ Kd8 42. Bxa4 Nxa4 43. Rxa4 Bc5 44. Re4 Kd7 45. h4 Ba3
46. h5 Bb2 47. h6 Kd6 48. h7 Kd7 49. Kf5 1-0

[Event "Team women chess final 2018"]
[Site "Sochi"]
[Date "2018.05.01"]
[Round "1.3"]
[White "Mukhina, Jana"]
[Black "Markelova, Lubov"]
[Result "0-1"]
[WhiteElo "2041"]
[BlackElo "2127"]
[PlyCount "46"]
[EventDate "2018.05.01"]

1. e4 e6 2. d4 d5 3. Nd2 c5 4. exd5 Qxd5 5. dxc5 Bxc5 6. Ngf3 Nf6 7. Bc4 Qc6 8.
O-O Nbd7 9. Qe2 O-O 10. a3 b6 11. b4 Bd6 12. Nd4 Bxh2+ 13. Kh1 Qd6 14. N2f3 Bf4
15. Bb2 Bb7 16. Rad1 Qc7 17. Nb5 Qc6 18. Nbd4 Qc8 19. Bb5 Rd8 20. c4 Nf8 21.
Nc2 Rxd1 22. Rxd1 e5 23. Nxe5 Qh3+ 0-1

[Event "Team women chess final 2018"]
[Site "Sochi"]
[Date "2018.05.01"]
[Round "1.4"]
[White "Bulatova, Kamaliya"]
[Black "Nasybullina, Dayana"]
[Result "0-1"]
[WhiteElo "2121"]
[BlackElo "1801"]
[PlyCount "58"]
[EventDate "2018.05.01"]

1. d4 Nf6 2. Bf4 d5 3. e3 e6 4. Nd2 c6 5. Ngf3 Be7 6. Bd3 O-O 7. Ne5 c5 8. c3
Nc6 9. Qf3 Nd7 10. Qh3 f5 11. Nxc6 bxc6 12. g4 cxd4 13. gxf5 e5 14. Bg3 e4 15.
Nxe4 dxe4 16. Bxe4 Nc5 17. Bxc6 Bxf5 18. Qg2 dxc3 19. Bd5+ Kh8 20. bxc3 Nd3+
21. Ke2 Rc8 22. e4 Bg6 23. c4 Rxf2+ 24. Qxf2 Nxf2 25. Bxf2 Qa5 26. a4 Qc3 27.
Ra2 Bh5+ 28. Kf1 Qd3+ 29. Kg2 Bf3+ 0-1

[Event "Team women chess final 2018"]
[Site "Sochi"]
[Date "2018.05.01"]
[Round "1.1"]
[White "Dordzhieva, Dinara"]
[Black "Pogorelskikh, Sofia"]
[Result "1/2-1/2"]
[WhiteElo "2301"]
[BlackElo "2053"]
[PlyCount "110"]
[EventDate "2018.05.01"]

1. c4 Nf6 2. g3 g6 3. Bg2 d5 4. cxd5 Nxd5 5. d4 Bg7 6. e4 Nb6 7. Ne2 c5 8. d5
O-O 9. O-O e6 10. h3 exd5 11. exd5 Na6 12. Nbc3 Nc4 13. b3 Nd6 14. Bf4 b6 15.
Qd2 Bb7 16. Rad1 Re8 17. g4 Be5 18. Be3 Rc8 19. a3 Nc7 20. f4 Bf6 21. Bf2 c4
22. b4 Ncb5 23. a4 Nxc3 24. Nxc3 Bg7 25. Bd4 Rc7 26. Rfe1 Bxd4+ 27. Qxd4 Rce7
28. Re5 Bc8 29. Rde1 f6 30. R5e3 Rxe3 31. Rxe3 Rxe3 32. Qxe3 a6 33. Kf2 Kf7 34.
Bf3 Bd7 35. Qd4 Qc7 36. Be2 Bc8 37. h4 Bd7 38. g5 fxg5 39. hxg5 Nf5 40. Qf6+
Kg8 41. Qe5 Qa7 42. Ke1 b5 43. Kd2 Qd4+ 44. Qxd4 Nxd4 45. a5 Kf7 46. Bd1 Nf5
47. Ne4 Ke7 48. Nc5 Bc8 49. Kc3 Kd6 50. Bf3 Ne3 51. Kd4 Nc2+ 52. Kc3 Ne3 53.
Kd4 Nc2+ 54. Kc3 Ne3 55. Kd4 Nc2+ 1/2-1/2

[Event "Team women chess final 2018"]
[Site "Sochi"]
[Date "2018.05.01"]
[Round "1.2"]
[White "Gutkovich, Polina"]
[Black "Drozdova, Dina"]
[Result "1/2-1/2"]
[WhiteElo "2057"]
[BlackElo "2186"]
[PlyCount "92"]
[EventDate "2018.05.01"]

1. d4 Nf6 2. c4 e6 3. Nf3 Bb4+ 4. Bd2 Qe7 5. g3 Ne4 6. Bg2 Nxd2 7. Nbxd2 O-O 8.
O-O Bxd2 9. Qxd2 d6 10. e4 e5 11. h3 Nd7 12. Rfe1 a5 13. Rad1 Re8 14. b3 Nf8
15. Kh2 Bd7 16. Qc3 Bc6 17. a3 b6 18. d5 Bd7 19. Nd2 Ng6 20. Nf1 f5 21. exf5
Bxf5 22. Ne3 Bd7 23. Be4 Rf8 24. Qc2 Qf6 25. Rd2 Rf7 26. Rf1 Raf8 27. b4 axb4
28. axb4 Qg5 29. Ra1 Qh6 30. Bg2 Ne7 31. Ra7 Nf5 32. Nxf5 Bxf5 33. Qa2 e4 34.
Ra3 Bg4 35. Re3 Bf3 36. Bxf3 Rxf3 37. Rxf3 exf3 38. Qc2 Qg5 39. Rd4 Qe5 40. Rh4
h6 41. Qe4 Qb2 42. Qe6+ Kh7 43. Qe4+ Kg8 44. Qe6+ Kh7 45. Qe4+ Kg8 46. Qe6+ Kh7
1/2-1/2

[Event "Team women chess final 2018"]
[Site "Sochi"]
[Date "2018.05.01"]
[Round "1.3"]
[White "Smirnova, Ekaterina"]
[Black "Makarova, Darya"]
[Result "1-0"]
[WhiteElo "2149"]
[BlackElo "1892"]
[PlyCount "45"]
[EventDate "2018.05.01"]

1. d4 d5 2. c4 e6 3. cxd5 exd5 4. Nc3 Nf6 5. Bg5 Be7 6. e3 c6 7. Bd3 Nbd7 8.
Qc2 Nh5 9. Bxe7 Qxe7 10. Nge2 g6 11. O-O-O Nhf6 12. h4 O-O 13. Nf4 b5 14. h5 g5
15. Nfe2 b4 16. Na4 Nb6 17. Nc5 Nbd7 18. Kb1 Nxc5 19. dxc5 Bg4 20. f3 Bxh5 21.
Bxh7+ Kg7 22. Nd4 Rh8 23. Nf5+ 1-0

[Event "Team women chess final 2018"]
[Site "Sochi"]
[Date "2018.05.01"]
[Round "1.4"]
[White "Kalashnikova, Elena"]
[Black "Tomashevskaya, Lidia"]
[Result "0-1"]
[WhiteElo "1785"]
[BlackElo "2146"]
[PlyCount "88"]
[EventDate "2018.05.01"]

1. e4 c6 2. d4 d5 3. e5 Bf5 4. Nf3 e6 5. a4 Nd7 6. Nbd2 Bg6 7. Be2 Nh6 8. c3 c5
9. Nb3 c4 10. Nbd2 Qa5 11. Nh4 Nf5 12. Nxg6 hxg6 13. Qc2 Rc8 14. O-O b5 15. Nf3
b4 16. cxb4 Bxb4 17. Rd1 Nb8 18. Bd2 Bxd2 19. Qxd2 Qxd2 20. Rxd2 Nc6 21. Rc1
Rb8 22. Bd1 Na5 23. Rc3 Kd7 24. h3 Rb4 25. Ra3 Rhb8 26. Ra2 Rc8 27. Ra3 Rcb8
28. Ra2 Ne7 29. Kf1 Nec6 30. Ke2 Nb3 31. Bxb3 Rxb3 32. Ne1 g5 33. f3 f6 34.
exf6 gxf6 35. Kf2 Kd6 36. Kg3 R8b6 37. Kg4 Ra6 38. Ra1 Rb4 39. f4 gxf4 40. Kxf4
Nxd4 41. Rxd4 e5+ 42. Ke3 exd4+ 43. Kxd4 Rxb2 44. g3 Rb3 0-1

[Event "Team women chess final 2018"]
[Site "Sochi"]
[Date "2018.05.01"]
[Round "1.1"]
[White "Nikitina, Elena"]
[Black "Bivol, Alina"]
[Result "0-1"]
[WhiteElo "2047"]
[BlackElo "2327"]
[PlyCount "89"]
[EventDate "2018.05.01"]
[WhiteTeam "Команда СК "]

1. d4 Nf6 2. Nf3 g6 3. g3 Bg7 4. Bg2 O-O 5. O-O d6 6. c4 Nc6 7. Nc3 Rb8 8. e3
a6 9. Qe2 b5 10. b3 Na5 11. Rd1 bxc4 12. bxc4 c5 13. Ba3 Be6 14. d5 Bg4 15.
Rac1 Nd7 16. Ne4 Ne5 17. Ned2 Qe8 18. h3 Bxf3 19. Nxf3 Qa4 20. Nxe5 Bxe5 21.
Qd3 Rb7 22. Rc2 Rfb8 23. Bf1 Bb2 24. Bxb2 Rxb2 25. Rdd2 Qxa2 26. Qc3 Rxc2 27.
Rxc2 Qa4 28. Qd2 Nb3 29. Qc3 Qb4 30. Bd3 a5 31. Qb2 a4 32. Qa2 a3 33. Kg2 Na5
34. Kf3 e6 35. dxe6 fxe6 36. Qa1 Nb3 37. Qa2 d5 38. Kg2 d4 39. e4 Na5 40. Kf3
Qb3 41. Ke2 Nc6 42. Kd2 Ne5 43. Qxb3 Rxb3 44. Bf1 d3 45. Bxd3 0-1

[Event "Team women chess final 2018"]
[Site "Sochi"]
[Date "2018.05.01"]
[Round "1.2"]
[White "Lysenko, Margarita"]
[Black "Grigorieva, Yulia"]
[Result "1-0"]
[WhiteElo "2220"]
[BlackElo "1969"]
[PlyCount "77"]
[EventDate "2018.05.01"]
[BlackTeam "Команда СК "]

1. d4 Nf6 2. c4 g6 3. Nc3 Bg7 4. Nf3 d6 5. g3 O-O 6. Bg2 Nc6 7. O-O Rb8 8. Bf4
h6 9. d5 Na5 10. Qd3 c5 11. e4 Nd7 12. Rfe1 g5 13. Be3 a6 14. a4 Qb6 15. e5 g4
16. e6 gxf3 17. exd7 Bxd7 18. Bxf3 Qxb2 19. Rac1 Qb3 20. Be2 Rfc8 21. Qd2 Kh7
22. Qd3+ f5 23. Bd2 Qb6 24. Rb1 Qd8 25. Bh5 Qf8 26. Ne2 b6 27. Nf4 Qf6 28. Ne6
Rg8 29. Re3 Nb7 30. Rxb6 Bxe6 31. Rxe6 Qf8 32. Bg6+ Kh8 33. Bxf5 Bf6 34. Qf3
Bg5 35. Bc3+ Bf6 36. Bxf6+ exf6 37. Bd3 f5 38. Qh5 Kg7 39. Qxh6+ 1-0

[Event "Team women chess final 2018"]
[Site "Sochi"]
[Date "2018.05.01"]
[Round "1.3"]
[White "Khatmullina, Dilara"]
[Black "Kryukova, Irina"]
[Result "0-1"]
[WhiteElo "1860"]
[BlackElo "2261"]
[PlyCount "88"]
[EventDate "2018.05.01"]
[WhiteTeam "Команда СК "]

1. Nf3 Nf6 2. g3 e6 3. Bg2 d5 4. O-O Be7 5. d3 c5 6. Nbd2 Nc6 7. e4 dxe4 8.
dxe4 e5 9. b3 O-O 10. Bb2 Qc7 11. Nc4 Rd8 12. Qe1 Nd4 13. Rc1 Bd6 14. Nxd4 cxd4
15. Bxd4 exd4 16. e5 Be7 17. exf6 Bxf6 18. Qa5 Qxa5 19. Nxa5 Rb8 20. Rfe1 Kf8
21. a4 Be7 22. Re5 Bb4 23. Rb5 Bxa5 24. Rxa5 a6 25. Rc5 Be6 26. Rc7 b6 27. a5
bxa5 28. Bf1 Rdc8 29. Rxc8+ Rxc8 30. Bxa6 Rc3 31. Bb5 Bxb3 32. Re1 Be6 33. Ba4
Ra3 34. Bb5 Ra2 35. Rd1 Rxc2 36. Rxd4 Rb2 37. Bc6 Rb4 38. Rd8+ Ke7 39. Ra8 Kd6
40. Ra6 Kc5 41. Be8 Rb1+ 42. Kg2 Ra1 43. Ra7 Kb6 44. Re7 Re1 0-1

[Event "Team women chess final 2018"]
[Site "Sochi"]
[Date "2018.05.01"]
[Round "1.4"]
[White "Selifonova, Aleksandra"]
[Black "Baiburina, Kamilla"]
[Result "1-0"]
[WhiteElo "1890"]
[BlackElo "1860"]
[PlyCount "107"]
[EventDate "2018.05.01"]
[BlackTeam "Команда СК "]

1. e4 d6 2. d4 Nf6 3. Nc3 Nbd7 4. Nf3 e5 5. g3 Be7 6. Bg2 O-O 7. O-O c6 8. a4
a5 9. b3 Re8 10. Re1 Bf8 11. Ba3 Qc7 12. Qd2 b6 13. Rad1 Ba6 14. Bh3 Rad8 15.
d5 Nc5 16. Nh4 cxd5 17. exd5 g6 18. Bf1 Bxf1 19. Kxf1 Rc8 20. Nb5 Qd7 21. f3
Bg7 22. Ng2 e4 23. Bxc5 Rxc5 24. fxe4 Nxe4 25. Qf4 f5 26. c4 Bf6 27. Qf3 Rcc8
28. Nf4 Nc5 29. Ne6 Be5 30. Nbd4 Qb7 31. Kg2 Bxd4 32. Nxd4 Qg7 33. Qf2 Rxe1 34.
Qxe1 Ne4 35. Qe3 Nc5 36. Rd2 h6 37. Re2 Ne4 38. Ne6 Qb7 39. Qxh6 Qf7 40. Nf4 g5
41. Ne6 Qh7 42. Qxh7+ Kxh7 43. g4 Kg6 44. Nd4 Nc5 45. gxf5+ Kf6 46. Re3 Rh8 47.
Nb5 Rd8 48. Nd4 Rh8 49. h3 Rh4 50. Nb5 Kxf5 51. Nxd6+ Kf6 52. Nc8 Rh8 53. Nxb6
Rb8 54. Re6+ 1-0

[Event "Team women chess final 2018"]
[Site "Sochi"]
[Date "2018.05.02"]
[Round "2.1"]
[White "Suslova, Alena"]
[Black "Simakova, Elena"]
[Result "1-0"]
[WhiteElo "2153"]
[BlackElo "1948"]
[PlyCount "63"]
[EventDate "2018.05.01"]

1. c4 e5 2. g3 d6 3. Bg2 g6 4. b3 Bg7 5. Bb2 Ne7 6. Nf3 Nf5 7. O-O O-O 8. Nc3
Nd4 9. Ne1 f5 10. e3 Ne6 11. f4 c6 12. Nc2 g5 13. Ne2 Nd7 14. fxe5 dxe5 15. d4
Qb6 16. Qd2 e4 17. g4 fxg4 18. Bxe4 Nf6 19. Bg2 Bd7 20. Ng3 Rf7 21. Rad1 Re8
22. Nf5 Bf8 23. Rf2 Nc7 24. Rdf1 Be6 25. e4 h6 26. Nce3 Bxf5 27. Rxf5 Bg7 28.
e5 Rfe7 29. exf6 Bxf6 30. Rxf6 Rxe3 31. Rf8+ Rxf8 32. Rxf8+ 1-0

[Event "Team women chess final 2018"]
[Site "Sochi"]
[Date "2018.05.02"]
[Round "2.2"]
[White "Mironenko, Galina"]
[Black "Filippova, Darya"]
[Result "1/2-1/2"]
[WhiteElo "2007"]
[BlackElo "1955"]
[PlyCount "79"]
[EventDate "2018.05.01"]

1. Nf3 f5 2. d4 g6 3. g3 Bg7 4. Bg2 Nf6 5. O-O O-O 6. c4 d6 7. Nc3 a6 8. Qc2
Qe8 9. Nd5 Qd8 10. Rd1 e6 11. Nf4 Qe7 12. Qb3 c6 13. Qa3 Re8 14. Nd3 Nbd7 15.
c5 dxc5 16. Nxc5 Nxc5 17. dxc5 e5 18. b4 Nd5 19. e3 Be6 20. Rb1 e4 21. Nd4 Bf7
22. Qb2 Nc7 23. Qc2 Red8 24. a4 Rd7 25. Bf1 Rad8 26. Bb2 Ne6 27. Nxe6 Bxe6 28.
Bxg7 Kxg7 29. Be2 Qf6 30. Rxd7+ Rxd7 31. Rd1 Rxd1+ 32. Bxd1 Qa1 33. Kg2 Bd5 34.
Qd2 Qe5 35. Kg1 Kf7 36. Qc1 Qe6 37. Qc3 Qf6 38. Qxf6+ Kxf6 39. Be2 Bb3 40. a5
1/2-1/2

[Event "Team women chess final 2018"]
[Site "Sochi"]
[Date "2018.05.02"]
[Round "2.3"]
[White "Nasybullina, Alfia"]
[Black "Mukhina, Jana"]
[Result "1/2-1/2"]
[WhiteElo "2140"]
[BlackElo "2041"]
[PlyCount "89"]
[EventDate "2018.05.01"]

1. c4 Nf6 2. d4 g6 3. Nc3 Bg7 4. e4 d6 5. Nf3 O-O 6. Be2 e5 7. dxe5 dxe5 8.
Qxd8 Rxd8 9. Bg5 Re8 10. Nd5 Nxd5 11. cxd5 c6 12. Bc4 cxd5 13. Bxd5 Na6 14. O-O
Nc7 15. Bc4 Be6 16. Be2 Bd7 17. Rfd1 Bc6 18. Bc4 Ne6 19. Bd5 f5 20. Bxc6 bxc6
21. Be3 Rab8 22. b3 Rb4 23. Bxa7 Re7 24. Be3 Rxe4 25. Ng5 Nxg5 26. Rd8+ Kf7 27.
Bxg5 Rc7 28. Be3 c5 29. Rc1 f4 30. Bd2 Bf6 31. f3 Re2 32. Kf1 Rxg2 33. Kxg2
Bxd8 34. a4 Rb7 35. Rxc5 Rxb3 36. Rxe5 Rb2 37. Rd5 Ba5 38. Rxa5 Rxd2+ 39. Kh3
h5 40. Rb5 Rf2 41. Rb3 Ra2 42. Kh4 Kf6 43. Rb6+ Kf5 44. Rb5+ Kf6 45. Rb6+
1/2-1/2

[Event "Team women chess final 2018"]
[Site "Sochi"]
[Date "2018.05.02"]
[Round "2.4"]
[White "Nasybullina, Dayana"]
[Black "Mamontova, Anastasia"]
[Result "0-1"]
[WhiteElo "1801"]
[BlackElo "2051"]
[PlyCount "58"]
[EventDate "2018.05.01"]

1. e4 c6 2. d4 d5 3. e5 Bf5 4. Nc3 e6 5. Nf3 Nd7 6. Bd3 Ne7 7. O-O h6 8. Re1 g5
9. Ne2 Bg7 10. Ng3 Bg6 11. h4 g4 12. Nh2 h5 13. Bg5 Qb6 14. Bxe7 Kxe7 15. Bxg6
fxg6 16. Qd3 Rag8 17. Qxg6 Bxe5 18. Qd3 Bxg3 19. Qxg3 Qxd4 20. c3 Qf6 21. Re2
Kd8 22. Qe3 Qxh4 23. Qxa7 Kc7 24. Rxe6 g3 25. Nf3 gxf2+ 26. Qxf2 Qxf2+ 27. Kxf2
Nc5 28. Re2 Rh7 29. Rae1 Nd3+ 0-1

[Event "Team women chess final 2018"]
[Site "Sochi"]
[Date "2018.05.02"]
[Round "2.1"]
[White "Pogorelskikh, Sofia"]
[Black "Sazonova, Anastasia"]
[Result "1-0"]
[WhiteElo "2053"]
[BlackElo "2178"]
[PlyCount "109"]
[EventDate "2018.05.01"]

1. e4 e6 2. d4 d5 3. Nc3 Nf6 4. Bg5 dxe4 5. Nxe4 Nbd7 6. Nf3 Be7 7. Nxf6+ Bxf6
8. h4 O-O 9. Bd3 c5 10. Qe2 cxd4 11. O-O-O e5 12. Qe4 g6 13. Bxf6 Qxf6 14. Bb5
Qb6 15. Bxd7 Bxd7 16. Qxe5 d3 17. Rxd3 Bf5 18. Rd2 Rfe8 19. Qd4 Qa5 20. a3 Rac8
21. Rhd1 Qc7 22. c3 Qc6 23. h5 gxh5 24. Qf4 Qe4 25. Qxe4 Rxe4 26. Rd8+ Rxd8 27.
Rxd8+ Kg7 28. Nd4 Be6 29. Kd2 h4 30. f3 Re5 31. Nxe6+ Rxe6 32. Rd4 Rh6 33. Ra4
a6 34. Rb4 b5 35. a4 bxa4 36. Rxa4 Kf8 37. Kd3 Ke7 38. Ke4 Rg6 39. b4 Rxg2 40.
Rxa6 h5 41. Rh6 Rc2 42. Kd4 h3 43. Rxh5 h2 44. c4 Kd6 45. Rh6+ Kc7 46. Kc5 Rg2
47. Kb5 Rg5+ 48. c5 Rg2 49. Rh7 Rd2 50. f4 Rd4 51. f5 Rd5 52. f6 Rf5 53. Rxf7+
Kc8 54. Rh7 Rxf6 55. Rxh2 1-0

[Event "Team women chess final 2018"]
[Site "Sochi"]
[Date "2018.05.02"]
[Round "2.2"]
[White "Trapeznikova, Darya"]
[Black "Gutkovich, Polina"]
[Result "1/2-1/2"]
[WhiteElo "2087"]
[BlackElo "2057"]
[PlyCount "103"]
[EventDate "2018.05.01"]

1. d4 d5 2. c4 c6 3. e3 Nf6 4. Nc3 e6 5. Nf3 Nbd7 6. Bd3 dxc4 7. Bxc4 b5 8. Bd3
Bb7 9. e4 b4 10. Na4 c5 11. e5 Nd5 12. O-O cxd4 13. Re1 g6 14. Bg5 Qa5 15. Nxd4
a6 16. Bd2 Bg7 17. a3 Bxe5 18. axb4 Qd8 19. Nf3 Bf6 20. Nc5 Nxc5 21. bxc5 O-O
22. Ra3 Qc7 23. b4 a5 24. Rxa5 Rxa5 25. bxa5 Qxc5 26. Qb3 Ba8 27. Be4 Nc3 28.
Bxc3 Qxc3 29. Qb5 Bxe4 30. Rxe4 Rd8 31. Re1 Ra8 32. a6 Qa3 33. h4 Qxa6 34. Qb3
Qa7 35. Rd1 Rb8 36. Qc4 Rb2 37. Qc8+ Kg7 38. Rf1 Qa4 39. Qc1 Ra2 40. g3 Ra3 41.
Ng5 Ra1 42. Qd2 h6 43. Nf3 Ra3 44. Qe2 Qg4 45. Kg2 Rb3 46. Qd1 Rc3 47. Re1 e5
48. Qd5 Qf5 49. Nxe5 Rc7 50. Qd6 Re7 51. Nf3 Rxe1 52. Nxe1 1/2-1/2

[Event "Team women chess final 2018"]
[Site "Sochi"]
[Date "2018.05.02"]
[Round "2.3"]
[White "Makarova, Darya"]
[Black "Chan, Naruna"]
[Result "1/2-1/2"]
[WhiteElo "1892"]
[BlackElo "1927"]
[PlyCount "80"]
[EventDate "2018.05.01"]

1. d4 Nf6 2. Nf3 b6 3. e3 Bb7 4. Bd3 e6 5. Nbd2 d5 6. b3 Be7 7. Bb2 O-O 8. O-O
c5 9. Ne5 Nbd7 10. f4 Qc7 11. Qe2 Ne4 12. c4 Nxd2 13. Qxd2 dxc4 14. bxc4 f5 15.
d5 exd5 16. cxd5 Bd6 17. Bc4 Kh8 18. Nf3 Nf6 19. Ng5 Ne4 20. Nxe4 fxe4 21. Rad1
Qd7 22. Qe2 a6 23. a4 Qc7 24. Bc3 Bc8 25. Be5 Bd7 26. Bxd6 Qxd6 27. Bxa6 Bxa4
28. Rb1 Rfb8 29. Qc4 Rxa6 30. Qxa6 Bc2 31. Rbd1 Bxd1 32. Rxd1 h6 33. Qb5 Rd8
34. Qc4 Re8 35. Ra1 Re7 36. Ra8+ Kh7 37. Ra6 Qd8 38. Qb3 Rb7 39. Qc4 Re7 40.
Qb3 Rb7 1/2-1/2

[Event "Team women chess final 2018"]
[Site "Sochi"]
[Date "2018.05.02"]
[Round "2.4"]
[White "Azimova, Karina"]
[Black "Kalashnikova, Elena"]
[Result "1-0"]
[WhiteElo "2059"]
[BlackElo "1785"]
[PlyCount "73"]
[EventDate "2018.05.01"]

1. e4 d5 2. exd5 Qxd5 3. Nc3 Qd6 4. d4 Nf6 5. h3 Bf5 6. Nf3 e6 7. Bd3 Bg6 8.
Ne2 c6 9. c3 Qc7 10. Ne5 Nbd7 11. Nc4 Nd5 12. Bg5 Be7 13. Bxe7 Nxe7 14. Ng3 Nb6
15. Ne5 Nd7 16. Nxd7 Qxd7 17. O-O O-O 18. Bxg6 hxg6 19. Ne4 Qd5 20. Nc5 Nf5 21.
Qb3 Qxb3 22. axb3 b6 23. Nd7 Rfd8 24. Ne5 Ne7 25. Ra6 c5 26. dxc5 bxc5 27. Rfa1
Nc8 28. Nc4 Rd7 29. Rc6 Rd5 30. Ra5 Ne7 31. Rc7 Kf8 32. Nb6 Rd1+ 33. Kh2 Rad8
34. Raxa7 Nd5 35. Rxf7+ Ke8 36. Nxd5 exd5 37. Rae7# 1-0

[Event "Team women chess final 2018"]
[Site "Sochi"]
[Date "2018.05.02"]
[Round "2.1"]
[White "Yakimenko, Viktoria"]
[Black "Nikitina, Elena"]
[Result "1-0"]
[WhiteElo "2048"]
[BlackElo "2047"]
[PlyCount "101"]
[EventDate "2018.05.01"]
[WhiteTeam "Аудиторская компания "]
[BlackTeam "Команда СК "]

1. e4 c5 2. Nf3 a6 3. d4 cxd4 4. Qxd4 Nc6 5. Qd2 e6 6. b3 Nf6 7. e5 Ng4 8. Nc3
Ngxe5 9. Nxe5 Nxe5 10. Bb2 Qc7 11. O-O-O Be7 12. Kb1 Ng6 13. Bd3 d5 14. g3 Bd7
15. Rhe1 Bc6 16. h4 O-O-O 17. h5 Ne5 18. Nb5 Bxb5 19. Bxe5 Qc6 20. Bxg7 Rhg8
21. Qh6 Bb4 22. Bxh7 Rxg7 23. Qxg7 Bc3 24. Qxf7 Qc5 25. Qxe6+ Bd7 26. Qe3 d4
27. Qc1 Bxe1 28. Rxe1 Qxh5 29. Be4 Rf8 30. f3 Qc5 31. g4 Bc6 32. Bf5+ Kb8 33.
Qf4+ Ka8 34. Rd1 Qc3 35. Rd3 Qe1+ 36. Kb2 Rh8 37. Qxd4 Rh1 38. Qe3 Qb1+ 39. Ka3
Rh8 40. Qd2 Ka7 41. Be4 Bxe4 42. fxe4 Rg8 43. Rd7 Qg1 44. Qd5 Qc1+ 45. Ka4 Rb8
46. c4 Qe1 47. g5 Qg3 48. Ka3 Qg4 49. Ka4 Qg2 50. a3 Qg4 51. c5 1-0

[Event "Team women chess final 2018"]
[Site "Sochi"]
[Date "2018.05.02"]
[Round "2.2"]
[White "Grigorieva, Yulia"]
[Black "Porozhnyak, Maya"]
[Result "1-0"]
[WhiteElo "1969"]
[BlackElo "2021"]
[PlyCount "73"]
[EventDate "2018.05.01"]
[WhiteTeam "Команда СК "]
[BlackTeam "Аудиторская компания "]

1. d4 c5 2. d5 b5 3. Nf3 Nf6 4. c4 Bb7 5. a4 bxc4 6. Nc3 d6 7. e4 g6 8. Bxc4
Bg7 9. O-O O-O 10. e5 dxe5 11. Nxe5 Ne8 12. Nd3 Nd7 13. Be3 Nd6 14. Bb5 Nxb5
15. axb5 Bd4 16. Nf4 Be5 17. Nd3 Bd4 18. Nf4 Bxe3 19. fxe3 Ne5 20. Qa4 Qd6 21.
Ne4 Qb6 22. d6 c4 23. dxe7 Qxe3+ 24. Kh1 Bxe4 25. exf8=Q+ Rxf8 26. Rae1 Qd4 27.
Qa3 Nd3 28. Qxf8+ Kxf8 29. Ne6+ Kg8 30. Nxd4 Nxe1 31. Rxe1 f5 32. Ra1 Kf7 33.
Rxa7+ Kf6 34. b6 Ke5 35. Nb5 Kf4 36. Kg1 h5 37. b7 1-0

[Event "Team women chess final 2018"]
[Site "Sochi"]
[Date "2018.05.02"]
[Round "2.3"]
[White "Yakimenko, Anastasia"]
[Black "Khatmullina, Dilara"]
[Result "1-0"]
[WhiteElo "2013"]
[BlackElo "1860"]
[PlyCount "61"]
[EventDate "2018.05.01"]
[WhiteTeam "Аудиторская компания "]
[BlackTeam "Команда СК "]

1. Nf3 Nf6 2. g3 e6 3. Bg2 c5 4. O-O d5 5. d4 Nc6 6. c4 Be7 7. Nc3 O-O 8. Be3
dxc4 9. dxc5 Ng4 10. Qc1 Qa5 11. Ne4 c3 12. bxc3 Rd8 13. Bg5 f6 14. h3 Nge5 15.
Nxe5 Nxe5 16. Bf4 Nc4 17. Rd1 e5 18. Rxd8+ Qxd8 19. Be3 Be6 20. Nd6 Bxd6 21.
cxd6 Qxd6 22. Bxb7 Rb8 23. Bg2 Rb2 24. Bf1 Bf5 25. Bxa7 Qd7 26. e4 Bxe4 27.
Bxc4+ Kf8 28. Bc5+ Ke8 29. Qxb2 Qxh3 30. Qb8+ Kd7 31. Qd6+ 1-0

[Event "Team women chess final 2018"]
[Site "Sochi"]
[Date "2018.05.02"]
[Round "2.4"]
[White "Baiburina, Kamilla"]
[Black "Sergeeva, Natalia"]
[Result "1-0"]
[WhiteElo "1860"]
[BlackElo "1985"]
[PlyCount "108"]
[EventDate "2018.05.01"]
[WhiteTeam "Команда СК "]
[BlackTeam "Аудиторская компания "]

1. e4 c5 2. Nf3 d6 3. c3 Nf6 4. Be2 Nbd7 5. Qc2 Qc7 6. O-O g6 7. a4 Bg7 8. d3
b6 9. Nbd2 O-O 10. Re1 Bb7 11. Nf1 c4 12. Ng3 Nc5 13. Bf4 cxd3 14. Bxd3 Ne6 15.
Bd2 Ng4 16. Rf1 Rac8 17. Rac1 Rfd8 18. h3 Nf6 19. Rfe1 Nd7 20. Qd1 Qb8 21. Bb1
Bc6 22. Bc2 d5 23. b4 Ne5 24. b5 Bb7 25. Nd4 Nc4 26. Nxe6 fxe6 27. Bb3 Nxd2 28.
Qxd2 Kh8 29. Ne2 dxe4 30. Qa2 Bd5 31. c4 Bb7 32. Ng3 Qf4 33. Ne2 Qg5 34. Ng3
Rd4 35. Qe2 h5 36. Qe3 Qxe3 37. fxe3 Rd2 38. c5 Rxc5 39. Bxe6 Be5 40. Nf1 Rd6
41. Ba2 e6 42. Rxc5 bxc5 43. Rc1 Bd5 44. Rxc5 h4 45. Rc8+ Kg7 46. Rc7+ Kf6 47.
Bxd5 exd5 48. Rxa7 d4 49. Kf2 Ke6 50. a5 Kd5 51. b6 Rf6+ 52. Ke1 d3 53. b7 Rc6
54. Kd1 Rc4 1-0

[Event "Team women chess final 2018"]
[Site "Sochi"]
[Date "2018.05.03"]
[Round "3.1"]
[White "Sazonova, Anastasia"]
[Black "Suslova, Alena"]
[Result "0-1"]
[WhiteElo "2178"]
[BlackElo "2153"]
[PlyCount "64"]
[EventDate "2018.05.01"]

1. d4 Nf6 2. c4 g6 3. Nc3 Bg7 4. e4 d6 5. Be2 O-O 6. Bg5 Na6 7. Qd2 e5 8. d5 c6
9. dxc6 bxc6 10. O-O-O Nc5 11. f3 Ne6 12. Be3 Nd4 13. g4 Qa5 14. h4 Rb8 15. h5
Be6 16. Bd3 Rb7 17. Nce2 Nxe2+ 18. Nxe2 Qxa2 19. Nc3 Qa1+ 20. Nb1 Rfb8 21. Rh2
d5 22. hxg6 fxg6 23. g5 Nh5 24. c5 d4 25. Bg1 Nf4 26. Bf1 Rb4 27. Re1 Qa5 28.
Bxd4 exd4 29. Qxf4 Rxb2 30. Rxb2 Qxe1+ 31. Kc2 Rxb2+ 32. Kxb2 d3+ 0-1

[Event "Team women chess final 2018"]
[Site "Sochi"]
[Date "2018.05.03"]
[Round "3.2"]
[White "Filippova, Darya"]
[Black "Trapeznikova, Darya"]
[Result "0-1"]
[WhiteElo "1955"]
[BlackElo "2087"]
[PlyCount "96"]
[EventDate "2018.05.01"]

1. d4 f5 2. c4 Nf6 3. Nc3 d6 4. Nf3 g6 5. g3 Bg7 6. Bg2 O-O 7. O-O Nc6 8. d5
Na5 9. b3 Ne4 10. Nxe4 fxe4 11. Nd4 c5 12. dxc6 bxc6 13. Bxe4 Bh3 14. Rb1 Bxf1
15. Ne6 Qc8 16. Nxf8 Bh3 17. Nxg6 hxg6 18. Bxg6 Bf5 19. Bxf5 Qxf5 20. Bb2 Rf8
21. Qe1 Nb7 22. Bxg7 Kxg7 23. e4 Qf6 24. Qe3 Nc5 25. f4 Ne6 26. Rd1 Qg6 27. Kh1
Qg4 28. Rd2 c5 29. Rd5 Qh3 30. Qf3 Rxf4 31. Rg5+ Nxg5 32. Qxf4 Nxe4 33. Kg1 Nf6
34. a3 e5 35. Qg5+ Kf7 36. b4 Qg4 37. Qc1 Qe2 38. bxc5 dxc5 39. Qg5 Ke6 40. Qg7
e4 41. Qxa7 e3 42. Qb6+ Kf5 43. Qb1+ Ne4 44. Qf1+ Qf2+ 45. Qxf2+ Nxf2 46. Kf1
Ke4 47. Ke2 Nh3 48. a4 Ng1+ 0-1